000
00215nam a22000857a 4500
008
170614b xxu||||| |||| 00| 0 eng d
100
_9
3422
_a
Aggarwal. R. S
245
_a
Mathematics Class - 8
260
_a
Patna
_b
B. B
_c
2010
999
_c
6789
_d
6789